Movies Quiz

Random Movies or Actress Quiz

Iconic Actresses Quiz Stats

 Plays Quiz Updated Jul 11, 2017

Support Sporcle.
Go Orange.
Score 0/30 Timer 08:00
4 Plays Today
% Correct
Marilyn Monroe
98.4%
Audrey Hepburn
93.9%
Judy Garland
73.6%
Sophia Loren
73.5%
Grace Kelly
73.3%
Elizabeth Taylor
72.1%
Bette Davis
71.5%
Lauren Bacall
68.7%
Ingrid Bergman
63.7%
Doris Day
61.4%
Brigitte Bardot
60.1%
Jayne Mansfield
50.2%
Faye Dunaway
48.6%
Vivien Leigh
48.4%
Rita Hayworth
46.8%
% Correct
Ursula Andress
44%
Natalie Wood
43.2%
Joan Crawford
42.2%
Marlene Dietrich
41.1%
Barbara Stanwyck
33.6%
Ava Gardner
32.3%
Greta Garbo
30.8%
Veronica Lake
28%
Kim Novak
26.7%
Jane Russell
19.8%
Hedy Lamarr
19.5%
Betty Grable
15.4%
Olivia de Havilland
11.2%
Ginger Rogers
10.4%
Lana Turner
7.9%

You're not logged in!

Compare scores with friends on all Sporcle quizzes.
OR
Log In
Forgot?

From the Vault

US Presidents by Cushion

by PrincessMartell

Four score and seven couches ago...
Remove Ads.
Support Sporcle.
Get the best of Sporcle when you Go Orange. This ad-free experience offers more features, more stats, and more fun while also helping to support Sporcle. Thank you for becoming a member.

Show Comments

Extras

Top Quizzes Today


Score Distribution

Your Account Isn't Verified!

In order to create a playlist on Sporcle, you need to verify the email address you used during registration. Go to your Sporcle Settings to finish the process.

Report this User

Report this user for behavior that violates our Community Guidelines.

Details: